000 00432nam a2200145 i 4500
001 44336
003 ES-MaACL
005 20230906161016.0
007 t|
008 030321s1913 sp ||||1| spa d
100 1 _aCifuentes Biedma, Francisco.
_938809
245 1 0 _aEnsayos clĂ­nicos del "606" en la lepra
_b: tesis doctoral /
_cFrancisco Cifuentes Biedma.
260 _aGranada :
_b[s.n.],
_c1913.
852 _aES-MaACL
_jT-1365-F-14
999 _c44336
_d44336